Statistiken für Videospielcharaktere erraten

Klicken Sie hier um das Quiz zu spielen!

Allgemein

  • Dieses Quiz wurde 51 mal gespielt
  • Das Durchschnittsergebnis liegt bei 5 aus 16

Antwortstatistiken

Antwort% Korrekt
Princess Peach
100%
Butters
71%
Cloud Strife
56%
Luxanna Crownguard
46%
Tiny Tina
38%
Ann Takamaki
29%
Haley
27%
Aether Traveler
23%
Guybrush Threepwood
19%
Roxas
17%
The Boss
17%
Lady Maria
13%
Kate Marsh
10%
Mu-12
10%
Cammy White
8%
Juliet Starling
6%

Verteilung der Resultate

Perzentil nach korrekt beantworteten Fragen

Anzahl Personen mit jedem Resultat

Ihre Resultats-Entwicklung

Sie haben dieses Quiz noch nicht gespielt